Cabanagem (Record no. 1412)

MARC details
000 -LEADER
campo de control de longitud fija 00438nam a2200133 4500
008 - DATOS DE LONGITUD FIJA--INFORMACIÓN GENERAL
campo de control de longitud fija 779.092 P419c
020 ## - NÚMERO INTERNACIONAL ESTÁNDAR DEL LIBRO
Número Internacional Estándar del Libro 9788565709125
082 ## - NÚMERO DE LA CLASIFICACIÓN DECIMAL DEWEY
Número de clasificación 779.092
Número de ítem P419c
100 ## - ENTRADA PRINCIPAL--NOMBRE DE PERSONA
Nombre de persona André Penteado
9 (RLIN) 6210
245 ## - MENCIÓN DEL TÍTULO
Título Cabanagem
260 ## - PUBLICACIÓN, DISTRIBUCIÓN, ETC.
Lugar de publicación, distribución, etc. São Paulo
Nombre del editor, distribuidor, etc. Editora Madalena
Fecha de publicación, distribución, etc. 2015
300 ## - DESCRIPCIÓN FÍSICA
Extensión 220 p.
Otras características físicas ill (col), tres libros
Dimensiones 28 x 22.5 cm., 22.5 x 22.5, 28 x 22 cm.
650 ## - PUNTO DE ACCESO ADICIONAL DE MATERIA--TÉRMINO DE MATERIA
Subdivisión general arte contemporáneo
-- fotografía
-- Brasil
-- Cabanagem
-- conflictos sociales
9 (RLIN) 6212
Holdings
Estatus retirado Estado de pérdida Fuente del sistema de clasificación o colocación Estado de daño No para préstamo Biblioteca de origen Biblioteca actual Ubicación en estantería Fecha de adquisición Total de préstamos Signatura topográfica completa Visto por última vez Precio de reemplazo Tipo de ítem Koha
    Clasificación Decimal Dewey     Biblioteca LadoV Biblioteca LadoV   17/03/2018   779.092 P419c 17/03/2018 17/03/2018 Material 01